| 000 | 00927nam a22001817a 4500 | ||
|---|---|---|---|
| 999 |
_c61005 _d61005 |
||
| 005 | 20231206102839.0 | ||
| 008 | 231206s1973 ru ||||| |||| 00| 0 rus d | ||
| 041 | _arus | ||
| 080 | _a739(57)(091) A-86 | ||
| 100 |
_aАртамонов, М.И. _920594 |
||
| 245 |
_aСокровища саков : _bАму-Дарьинский клад. Алтайские курганы. Минусинские бронзы. Сибирское золото / _c М.И. Артамонов. |
||
| 264 |
_aМосква : _b Искусство, _c1973. |
||
| 300 |
_a278 с. : _bил. ; _c24 см. |
||
| 440 |
_aПамятники древнего искусства _920595 |
||
| 653 | _aსაკას საგანძური | ||
| 653 | _aშუა აზიისა და დასავლეთ ციმბირის საკასების მხატვრული ძეგლები | ||
| 942 |
_2udc _cᲬᲘᲒᲜᲘ |
||